000 00636nam a2200241Ia 4500
003 OSt
005 20221006142600.0
006 a|||||r|||| 00| 0
007 ta
008 221006b |||||||| |||| 00| 0 eng d
024 _a6,669
037 _bGift,
_cTextual
040 _aEASL
_cEASL
_beng
041 _2eng
_aeng
082 _aY:6.41.N6, K5
100 _aHarper Francis Ed.
_9642851
245 0 _aThis is China
260 _aHong Kong
_bDragonfly Books
_c1965
300 _a358p.
_ccm.
490 _v CEL
942 _hY:6.41.N6, K5
_cTEXL
_2CC
999 _c1074755
_d1074755